Семенной и сортовой контроль картофеля (Запись № 541977)

Подробности
000 -МАРКЕР
контрольное поле 01733nam0a2200313 4500
001 - ИДЕНТИФИКАТОР ЗАПИСИ
контрольное поле RU\NLR\bibl\401266
005 - ИДЕНТИФИКАТОР ВЕРСИИ
контрольное поле 20250622164057.0
035 ## - ДРУГИЕ СИСТЕМНЫЕ НОМЕРА
Идентификатор записи (NLR Aleph) 000395435
100 ## - ДАННЫЕ ОБЩЕЙ ОБРАБОТКИ
Данные общей обработки 20030522d2002 |||y0rusy50 ca
101 0# - ЯЗЫК РЕСУРСА
Язык текста, звукозаписи и т.д. русский
102 ## - СТРАНА ПУБЛИКАЦИИ ИЛИ ПРОИЗВОДСТВА
Страна публикации Российская Федерация
105 ## - ПОЛЕ КОДИРОВАННЫХ ДАННЫХ: ТЕКСТОВЫЕ МАТЕРИАЛЫ, МОНОГРАФИЧЕСКИЕ
Кодированные данные о монографическом текстовом документе a |||||||||
200 1# - ЗАГЛАВИЕ И СВЕДЕНИЯ ОБ ОТВЕТСТВЕННОСТИ
Основное заглавие Семенной и сортовой контроль картофеля
Сведения, относящиеся к заглавию Учеб. пособие для студентов вузов
Первые сведения об ответственности Шабина И.С., Санкина Е.М.
Последующие сведения об ответственности М-во сел. хоз-ва и продовольствия Рос. Федерации, Нижегор. гос. с.-х. акад.
210 ## - ПУБЛИКАЦИЯ, РАСПРОСТРАНЕНИЕ И ДР.
Место издания, распространения и т.д. Н.Новгород
Имя издателя, распространителя и т. д. НГСХА
Дата издания, распространения и т.д. 2002
215 ## - ФИЗИЧЕСКАЯ ХАРАКТЕРИСТИКА
Специфическое обозначение материала и объем 100 с.
Другие сведения о физической характеристике ил.
Размеры 21
606 0# - НАИМЕНОВАНИЕ ТЕМЫ КАК ПРЕДМЕТ
Наименование темы Картофель
Формальный подзаголовок Руководства, пособия и т.п.
Тематический подзаголовок Сортоиспытание
Системный номер авторитетной/нормативной записи 2186112
Идентификатор авторитетной/нормативной записи RU\NLR\auth\661314362
606 0# - НАИМЕНОВАНИЕ ТЕМЫ КАК ПРЕДМЕТ
Наименование темы Картофель
Формальный подзаголовок Учебные издания для высших учебных заведений
Тематический подзаголовок Сортоиспытание
Системный номер авторитетной/нормативной записи 2186112
Идентификатор авторитетной/нормативной записи RU\NLR\auth\661314362
606 0# - НАИМЕНОВАНИЕ ТЕМЫ КАК ПРЕДМЕТ
Наименование темы Картофель
Формальный подзаголовок Руководства, пособия и т.п.
Тематический подзаголовок Семенные качества
Системный номер авторитетной/нормативной записи 2288963
Идентификатор авторитетной/нормативной записи RU\NLR\auth\661370955
606 0# - НАИМЕНОВАНИЕ ТЕМЫ КАК ПРЕДМЕТ
Наименование темы Картофель
Формальный подзаголовок Учебные издания для высших учебных заведений
Тематический подзаголовок Семенные качества
Системный номер авторитетной/нормативной записи 2288963
Идентификатор авторитетной/нормативной записи RU\NLR\auth\661370955
686 ## - ИНДЕКСЫ ДРУГИХ КЛАССИФИКАЦИЙ
Индекс П215.1-364я73
700 #1 - ИМЯ ЛИЦА - ПЕРВИЧНАЯ ОТВЕТСТВЕННОСТЬ
Начальный элемент ввода Шабина
Часть имени, кроме начального элемента ввода И. С.
Расширение инициалов личного имени Ирина Сергеевна
Код отношения Автор
701 #1 - ИМЯ ЛИЦА - АЛЬТЕРНАТИВНАЯ ОТВЕТСТВЕННОСТЬ
Начальный элемент ввода Санкина
Часть имени, кроме начального элемента ввода Е. М.
Расширение инициалов личного имени Екатерина Михайловна
Код отношения Автор
801 #0 - ИСТОЧНИК ЗАПИСИ
Страна Российская Федерация
Организация NLR
Дата составления 20030522
Правила каталогизации PSBO
801 #1 - ИСТОЧНИК ЗАПИСИ
Страна Российская Федерация
Организация NLR
Дата составления 20030522
830 ## - ОБЩЕЕ ПРИМЕЧАНИЕ, СОСТАВЛЕННОЕ КАТАЛОГИЗАТОРОМ
Текст примечания Авт. по кн.
942 ## - ДОПОЛНИТЕЛЬНЫЕ ЭЛЕМЕНТЫ ЗАПИСИ (АБИС)
Тип экземпляра АБИС Книга
980 ## - КОЛЛЕКЦИЯ
Название коллекции Национальная библиография
Экземпляры
Тип экземпляра Дата поступления Источник поступления Библиотека постоянного хранения Библиотека текущего хранения Место хранения Шифр хранения Штрих-код Статус экземпляра
Книга 22.05.2003 Контрольный экземпляр из типографии РНБ (Московский) РНБ (Московский) Русский книжный фонд: издания с 1957 года 2003-4/8830 1-2695601  
Книга 14.01.2004 Подсобные фонды РНБ РНБ (Московский) РНБ (Московский) Русский книжный фонд: издания с 1957 года 2003-4/8830 617826